县级行政区知识问答#22 阿拉尔市 Aral Multiple-choice - Statistics

General Stats
  • This quiz has been taken 8 times
  • The average score is 7 of 10
Answer Stats
Question Answer % Correct
阿拉尔市隶属于我国哪个省级行政区? 新疆维吾尔自治区
100%
阿拉尔市境内的主要河流是哪一条? 塔里木河
86%
以下哪个历史遗址位于阿拉尔市? 昆岗遗址
86%
以下哪一条古商道途径阿拉尔市? 于阗道
86%
阿拉尔市“沙漠之门”景区的主要地貌特征是? 流动沙丘与胡杨
71%
阿拉尔市“红柳烤肉”的独特之处在于? 红柳枝串烤
71%
阿拉尔市“军垦文化”的核心精神是? 屯垦戍边
71%
阿拉尔市“多浪水库”的主要功能是? 农业灌溉
57%
阿拉尔市的主要农产品是? 长绒棉
57%
以下哪个高等教育机构位于阿拉尔市? 塔里木大学
43%
No matching quizzes found
Score Distribution
Percent of People with Each Score
Percentile by Number Answered
Your Score History
You have not taken this quiz